Reference manual for stenographers and typists (Record no. 20967)

MARC details
000 -LEADER
fixed length control field 00295nam a2200109Ia 4500
100 ## - MAIN ENTRY--AUTHOR NAME
Personal name Gavin, R E
245 #0 - TITLE STATEMENT
Title Reference manual for stenographers and typists
260 ## - PUBLICATION, DISTRIBUTION, ETC. (IMPRINT)
Place of publication New York
Name of publisher Mc Graw Hill
Year of publication 1961
700 ## - ADDED ENTRY--PERSONAL NAME
Personal name Hutchinson, E L
942 ## - ADDED ENTRY ELEMENTS (KOHA)
Koha item type Books
Holdings
Withdrawn status Lost status Damaged status Not for loan Home library Current library Date acquired Accession Number Koha item type
      Write off RRII Library RRII Library 16/12/2021 01689 Books